Psychológia v práci manažéra

Saved in:
Bibliographic Details
Main Author: Seemann, Peter
Format: Book
Language:Slovak
Published: Žilina Žilinská univerzita v Žiline, EDIS-vydavateľské centrum ŽU 2021
Edition:2. rozšírené vydanie
Subjects:
Tags: Add Tag
No Tags, Be the first to tag this record!

MARC

LEADER 00000nam a2200000 4500
001 0307935
005 20250619093157.5
020 |a 978-80-554-1774-5 
041 0 |a slo 
044 |a SK 
245 1 0 |a Psychológia v práci manažéra  |c Peter Seemann 
250 |a 2. rozšírené vydanie 
264 1 |a Žilina  |b Žilinská univerzita v Žiline, EDIS-vydavateľské centrum ŽU  |c 2021 
300 |a 215 s. 
610 2 0 |a psychológia 
610 2 0 |a manažment 
610 2 0 |a riadenie 
610 2 0 |a manažéri 
610 2 0 |a osobnosť 
610 2 0 |a inteligencia 
610 2 0 |a správanie 
610 2 0 |a motivácia pracovná 
610 2 0 |a riadenie výkonov 
610 2 0 |a práca tímová 
610 2 0 |a organizácia práce 
610 2 0 |a manažment času 
610 2 0 |a konflikty 
610 2 0 |a psychoterapia 
610 2 0 |a koučovanie 
100 1 |a Seemann, Peter